Vplyv hospodárskej krízy na manažment podnikateľských subjektov

Vplyv hospodárskej krízy na realitné spoločnosti, developerské spoločnosti či banky v Slovenskej republike.

Enregistré dans:
Détails bibliographiques
Auteur principal: Holúbek, Tomáš
Format: Chapitre de livre
Langue:slovaque
Sujets:
Tags: Ajouter un tag
Pas de tags, Soyez le premier à ajouter un tag!

MARC

LEADER 00000nla$a2200000$$$4500
001 0122710
005 20220722095652.4
041 0 |a slo 
044 |a SK 
245 1 0 |a Vplyv hospodárskej krízy na manažment podnikateľských subjektov  |c Tomáš Holúbek 
520 |a Vplyv hospodárskej krízy na realitné spoločnosti, developerské spoločnosti či banky v Slovenskej republike. 
610 2 0 |a manažment 
610 2 0 |a podnikanie 
610 2 0 |a trh hypotekárny 
610 2 0 |a banky hypotekárne 
610 2 0 |a banky obchodné 
610 2 0 |a nehnuteľnosti 
610 2 0 |a kríza hospodárska 
100 1 |a Holúbek, Tomáš